000 00273nam a2200121Ia 4500
008 190216s9999||||xx |||||||||||||| ||und||
100 _aSubramanian
245 0 _aDown Memory Lane
260 _bBlacke & Son
_c1988
300 _a116
650 _aEnglish Essay
942 _cBK
999 _c13423
_d13423